Personajes de ficción por imagen - H - Estadísticas

Estadísticas generales
  • Esta prueba ha sido intentada 5.485 veces
  • La puntuación promedio es 13 de 20
Estadísticas de respuestas
Imagen Respuesta % Correcto
Harry Potter
99%
Homero Simpson
99%
Hulk
99%
Hello Kitty
98%
Hercules
96%
Han Solo
94%
Heidi
86%
Hermione Granger
86%
Hannah Montana
83%
Harley Quinn
79%
Hades
65%
Hannibal Lecter
57%
Héctor Rivera
50%
Herobrine
44%
Hans
42%
He-Man
32%
Hamlet
31%
Hinata
31%
Hiro Hamada
31%
Helga Pataki
18%
No se encontraron pruebas coincidentes
Distribución de puntuación
Porcentaje de gente con cada puntuación
Porcentaje por número respondido
Historial de tus puntuaciones
No has intentado esta prueba.